[Event "chess.com SpeedChess 2023"]
[Site "chess.com INT"]
[Date "2023.09.20"]
[Round "3.12"]
[White "Vachier Lagrave,M"]
[Black "Nakamura,Hi"]
[Result "1/2-1/2"]
[WhiteElo "2727"]
[BlackElo "2780"]

1.e4 c5 2.Nf3 Nc6 3.Bb5 d6 4.O-O Bd7 5.Re1 a6 6.Bf1 Bg4 7.h3 Bxf3 8.Qxf3 g6
9.d3 Bg7 10.c3 Nf6 11.Be3 O-O 12.Nd2 Nd7 13.Qd1 b5 14.Nf3 b4 15.d4 bxc3 16.bxc3 Qa5
17.Rc1 Rfc8 18.Bc4 Nb6 19.Bxf7+ Kxf7 20.dxc5 dxc5 21.Qb3+ c4 22.Qxb6 Bxc3
23.Red1 Qxb6 24.Bxb6 Bb2 25.Rxc4 Ne5 26.Nxe5+ Bxe5 27.Ra4 Rab8 28.Be3 Rc2
29.Rxa6 Rb4 30.g3 Rxe4 31.Rd2 Rcc4 32.Kg2 Ra4 33.Rxa4 Rxa4 34.Kf3 Bd6 35.Rc2 Ke6
36.Ke2 h5 37.Bc1 Kd5 38.Kf3 Bc5 39.Be3 Bd6 40.g4 hxg4+ 41.hxg4 e5 42.Rd2+ Ke6
43.Kg3 e4+ 44.Kh4 Be7+ 45.Kh3 Ra3 46.Kg2 Ra4 47.Rc2 Bd6 48.Bc1 Ra8 49.Re2 Kd5
50.a3 Ra4 51.Ra2 Ke6 52.Rc2 Kd5 53.Rd2+ Ke6 54.Re2 Kd5 55.f3 exf3+ 56.Kxf3 Ra8
57.Rd2+ Ke6 58.Rd3 Rf8+ 59.Ke2 Ra8 60.Re3+ Kd5 61.Rd3+ Ke6 62.Bb2 Ra4 63.Kf3 Rf4+
64.Ke2 Rxg4 65.Bd4 Bxa3 66.Kf3 Rh4 67.Bf2 Ra4 68.Bg3 Be7 69.Re3+ Kf7 70.Re4 Ra3+
71.Re3 Ra6 72.Re4 Bf6 73.Re3 g5 74.Rd3 Kg6 75.Bf2 Ra4 76.Kg2 Be5 77.Re3 Kf5
78.Rf3+ Bf4 79.Bg3 Kg4 80.Bf2 Ra2 81.Rb3 Bd6 82.Rd3 Bc5 83.Rg3+ Kf4 84.Rf3+ Ke4
85.Kg3 Bd6+ 86.Kg4 Bf4 87.Bg3 Rg2 88.Ra3 Bd6 89.Rb3 Bf4 90.Ra3 Rg1 91.Rb3 Kd4
92.Ra3 Kc4 93.Rf3 Bd6 94.Kxg5 Bxg3 95.Kg4 Be1+ 96.Kf5 Kd4 97.Rf4+ Kd5 98.Rg4 Rh1
99.Rg5 Bd2 100.Rg4 Rf1+ 101.Kg6 Ke5 102.Rg2 Be3 103.Ra2 Bc5 104.Ra5 Rc1 105.Rb5 Ke6
106.Kg5 Rc4 107.Ra5 Be7+ 108.Kg6 Rg4+ 109.Kh5 Rg1 110.Ra6+ Kf7 111.Ra5 Bf6
112.Rb5 Ke6 113.Ra5 Be5 114.Ra4 Kf5 115.Rb4 Rg2 116.Ra4 Rg8 117.Ra6 Bc3 118.Rc6 Rg3
119.Rc5+ Be5 120.Rc4 Ra3 121.Rb4 Ra1 122.Rc4 Rd1 123.Rb4 Rd8 124.Rb6 Rg8
125.Ra6 Rg5+ 126.Kh6 Rg8 127.Kh5  1/2-1/2

[Event "chess.com SpeedChess 2023"]
[Site "chess.com INT"]
[Date "2023.09.20"]
[Round "3.10"]
[White "Nakamura,Hi"]
[Black "Vachier Lagrave,M"]
[Result "1-0"]
[WhiteElo "2780"]
[BlackElo "2727"]

1.Nf3 d5 2.b3 c5 3.e3 Nc6 4.Bb5 e6 5.Bxc6+ bxc6 6.Bb2 f6 7.d3 Bd6 8.c4 Ne7
9.Nc3 e5 10.Qc2 Be6 11.Na4 Rc8 12.Ba3 Ng6 13.O-O-O Qe7 14.Kb1 f5 15.h4 O-O
16.h5 Nh8 17.h6 g6 18.Rc1 Nf7 19.cxd5 cxd5 20.Bxc5 Bd7 21.Bxd6 Nxd6 22.Nc3 d4
23.exd4 exd4 24.Nxd4 Qf6 25.Nde2 Nb5 26.Qb2 Rfe8 27.Rc2 Nxc3+ 28.Nxc3 Bc6
29.f3 Rcd8 30.Na4 Qxb2+ 31.Nxb2 Bb5 32.Rc7 Re2 33.Rhc1 Rd7 34.Rxd7 Bxd7 35.Rc7 Be6
36.Rg7+ Kh8 37.Re7 Kg8 38.Nc4 Kf8 39.Rxh7 f4 40.Rxa7 Bf5 41.h7 Re1+ 42.Kb2 Rh1
43.Ne5  1-0

[Event "chess.com SpeedChess 2023"]
[Site "chess.com INT"]
[Date "2023.09.20"]
[Round "3.8"]
[White "Vachier Lagrave,M"]
[Black "Nakamura,Hi"]
[Result "1/2-1/2"]
[WhiteElo "2727"]
[BlackElo "2780"]

1.e4 c5 2.Nf3 Nc6 3.Bb5 g6 4.O-O Bg7 5.c3 Nf6 6.Qe2 O-O 7.d4 cxd4 8.cxd4 d5
9.e5 Ne8 10.Be3 Nc7 11.Bxc6 bxc6 12.Rc1 Qe8 13.Nbd2 f6 14.h3 g5 15.Rc3 g4
16.hxg4 Bxg4 17.Rac1 fxe5 18.dxe5 Ne6 19.Rxc6 Qh5 20.Qa6 Nf4 21.Bxf4 Rxf4
22.Qb7 Raf8 23.Qxe7 R4f7 24.Qd6 Bxf3 25.Nxf3 Rxf3 26.gxf3 Qxf3 27.Qe6+ Kh8
28.R1c2 Rg8 29.R2c3 Qd1+ 30.Kg2 Bxe5+ 31.Rg3 Rxg3+ 32.fxg3 Qe2+ 33.Kh3 Qh5+
34.Kg2 Qe2+ 35.Kh3 Qh5+ 36.Kg2 Qe2+  1/2-1/2

[Event "chess.com SpeedChess 2023"]
[Site "chess.com INT"]
[Date "2023.09.20"]
[Round "3.6"]
[White "Nakamura,Hi"]
[Black "Vachier Lagrave,M"]
[Result "0-1"]
[WhiteElo "2780"]
[BlackElo "2727"]

1.e4 c5 2.Na3 Nf6 3.e5 Nd5 4.Nf3 Nc6 5.c3 d6 6.exd6 e6 7.Nb5 a6 8.Nc7+ Nxc7
9.dxc7 Qxc7 10.d4 cxd4 11.Nxd4 Bd7 12.Be3 Nxd4 13.Qxd4 Bc6 14.O-O-O Rd8 15.Qg4 Rxd1+
16.Kxd1 h5 17.Qd4 e5 18.Qd2 Be7 19.Kc1 O-O 20.Be2 Rd8 21.Qc2 h4 22.f3 e4
23.fxe4 Qe5 24.Bf3 Bg5 25.Bxg5 Qxg5+ 26.Kb1 Rd2 27.Qc1 h3 28.gxh3 Qe3 29.Re1 Qd3+
30.Ka1 Rxh2 31.Re3 Rc2 32.Qe1 Qb5 33.Qb1 Rh2 34.Bg4 Rf2 35.Re1 Qe5 36.Qd1 g6
37.Qd4 Qxd4 38.cxd4 Bxe4 39.b3 f5 40.Be2 Kg7 41.Bc4 Rd2 42.a4 Kf6 43.Re2 Rxd4
44.Kb2 Ke5 45.Kc3 Rd6 46.Re1 f4 47.Be2 Rc6+ 48.Kb4 Kd4  0-1

[Event "chess.com SpeedChess 2023"]
[Site "chess.com INT"]
[Date "2023.09.20"]
[Round "3.4"]
[White "Vachier Lagrave,M"]
[Black "Nakamura,Hi"]
[Result "1-0"]
[WhiteElo "2727"]
[BlackElo "2780"]

1.e4 c5 2.Nf3 Nc6 3.Bb5 g6 4.O-O Bg7 5.c3 Nf6 6.Qe2 O-O 7.d4 cxd4 8.cxd4 d5
9.e5 Ne8 10.Be3 Nc7 11.Bxc6 bxc6 12.Rc1 Qe8 13.Nbd2 f6 14.h3 Ne6 15.Nb3 g5
16.Rc3 h5 17.Rac1 Nd8 18.exf6 exf6 19.Qd3 Rb8 20.h4 g4 21.Nh2 Rb7 22.Qd2 Re7
23.Nf1 Bf5 24.Ng3 Bg6 25.Nc5 Qf7 26.Nd3 Kh7 27.Nf4 Rfe8 28.b4 f5 29.Nge2 Bh6
30.a4 a6 31.Qb2 Bg7 32.b5 cxb5 33.axb5 axb5 34.Qxb5 Ne6 35.Qxd5 Nxf4 36.Nxf4 Qxd5
37.Nxd5 Rd7 38.Nf4 Bxd4 39.Rc7 Ree7 40.Rxd7 Rxd7 41.Rd1  1-0

[Event "chess.com SpeedChess 2023"]
[Site "chess.com INT"]
[Date "2023.09.20"]
[Round "3.1"]
[White "Nakamura,Hi"]
[Black "Vachier Lagrave,M"]
[Result "0-1"]
[WhiteElo "2780"]
[BlackElo "2727"]

1.Nc3 d5 2.e4 dxe4 3.Nxe4 Nf6 4.Ng3 c5 5.b3 g6 6.Bb2 Bg7 7.Nf3 O-O 8.Be2 Nc6
9.O-O Nd4 10.Nxd4 cxd4 11.Bf3 Qb6 12.Re1 Be6 13.Ne2 Rfd8 14.Nf4 Bf5 15.g4 Qc7
16.gxf5 Qxf4 17.fxg6 hxg6 18.Bxb7 Rab8 19.Qf3 Qc7 20.Be4 Rb5 21.Bd3 Rg5+
22.Kf1 Ng4 23.Ke2 Nxh2 24.Qh3 Qf4 25.Rh1 Re5+ 26.Kd1 Qxf2 27.Ba3 Rh5 28.Rxh2 Qxh2  0-1

[Event "chess.com SpeedChess 2023"]
[Site "chess.com INT"]
[Date "2023.09.22"]
[Round "4.8"]
[White "Carlsen,M"]
[Black "Nakamura,Hi"]
[Result "1-0"]
[WhiteElo "2839"]
[BlackElo "2780"]

1.e4 e5 2.Nf3 Nc6 3.Bb5 Nf6 4.d3 Bc5 5.Ba4 d6 6.O-O O-O 7.c3 h6 8.h3 Bb6
9.Nbd2 a6 10.Re1 Ba7 11.Nf1 Ne7 12.d4 Ng6 13.Ng3 b5 14.Bc2 c5 15.a4 Bb7 16.Be3 b4
17.a5 bxc3 18.bxc3 cxd4 19.cxd4 Bc6 20.Qd2 Re8 21.Bxh6 gxh6 22.Qxh6 Qe7 23.Bb3 d5
24.dxe5 Nxe5 25.Nf5 Bxf2+ 26.Kh1 Qf8 27.Qxf6 Re6 28.Qg5+ Ng6 29.Rf1  1-0

[Event "chess.com SpeedChess 2023"]
[Site "chess.com INT"]
[Date "2023.09.22"]
[Round "4.23"]
[White "Nakamura,Hi"]
[Black "Carlsen,M"]
[Result "1/2-1/2"]
[WhiteElo "2780"]
[BlackElo "2839"]

1.e4 c5 2.Nf3 Nc6 3.Bc4 e6 4.c3 d5 5.exd5 exd5 6.Bb5 Bd6 7.d4 cxd4 8.Qxd4 Nf6
9.Bg5 O-O 10.Bxc6 bxc6 11.O-O h6 12.Bxf6 Qxf6 13.Qxf6 gxf6 14.Nbd2 a5 15.c4 a4
16.Rac1 Bd7 17.Rfd1 Ra6 18.Nf1 Rb8 19.cxd5 cxd5 20.Rd2 Bf4 21.Ne3 Rab6 22.Rxd5 Be6
23.Rd4 Rb4 24.b3 axb3 25.axb3 Bxe3 26.fxe3 Rxb3 27.Kf2 Rb2+ 28.Nd2 Kg7 29.Rc6 Ra8
30.Rcd6 Ra1 31.h3 Ra3 32.Kf3 Raa2 33.g4 Ra1 34.Kg2 Re1 35.Kf2 Rh1 36.Kg2 Re1
37.Kf2 Ra1 38.Kg3 Rba2 39.Nf3 Ra3 40.Rd3 R3a2 41.Rd2 Ra3 42.R6d3 Ra8 43.Nd4 R8a6
44.Rb2 Rg1+ 45.Rg2 Rxg2+ 46.Kxg2 Kg6 47.e4 h5 48.gxh5+ Kxh5 49.Kg3 Ra4 50.Kf4 Ra1
51.Ne2 Rf1+ 52.Kg3 Ra1 53.Nf4+ Kg5 54.h4+ Kh6 55.Rf3 Rg1+ 56.Kf2 Rg4 57.h5 Kg5
58.Ke3 f5 59.e5 Bd7 60.Rf2 Rg3+ 61.Rf3 Rg4 62.Rf1 Rg3+ 63.Rf3 Rg4  1/2-1/2

[Event "chess.com SpeedChess 2023"]
[Site "chess.com INT"]
[Date "2023.09.22"]
[Round "4.21"]
[White "Nakamura,Hi"]
[Black "Carlsen,M"]
[Result "0-1"]
[WhiteElo "2780"]
[BlackElo "2839"]

1.e4 c5 2.Nf3 Nc6 3.Bc4 e6 4.O-O a6 5.d4 cxd4 6.Nxd4 Nge7 7.Be3 Nxd4 8.Bxd4 Nc6
9.Bc3 b5 10.Bb3 b4 11.Bd2 Bb7 12.a3 a5 13.c3 Be7 14.axb4 axb4 15.Rxa8 Qxa8
16.Be3 Qb8 17.Bc2 O-O 18.c4 b3 19.Bxb3 Na5 20.Nd2 Bc6 21.Qc2 Nxb3 22.Qxb3 Qxb3
23.Nxb3 Rb8 24.Nd4 Bxe4 25.b3 e5 26.Nf3 f6 27.Nd2 Bd3 28.Rd1 Kf7 29.c5 Rb5
30.Rc1 f5 31.f3 Ra5 32.Nc4 Bxc4 33.Rxc4 f4 34.Bd2 Rxc5 35.Kf1 Rb5 36.b4 Ke6
37.Ke2 g5 38.Bc3 d5 39.Rc6+ Bd6 40.Ra6 e4 41.g4 Kd7 42.Ra7+ Kc6 43.Ra6+ Rb6
44.Rxb6+ Kxb6 45.Bf6 Kb5 46.Bxg5 Kxb4 47.h4 Kc3 48.h5 d4 49.fxe4 d3+ 50.Kd1 f3
51.Be3 Bf4 52.Bf2 d2 53.e5 Bxe5 54.g5 Kd3 55.g6 h6 56.Bb6 Bc3 57.Bf2 Ke4
58.Kc2 Kf4 59.Bc5 Kg3 60.g7 Bxg7 61.Kxd2 Kg2 62.Kd3 Be5 63.Be3 Bg3 64.Ke4 Bf2
65.Bxh6 Bc5  0-1

[Event "chess.com SpeedChess 2023"]
[Site "chess.com INT"]
[Date "2023.09.22"]
[Round "4.20"]
[White "Carlsen,M"]
[Black "Nakamura,Hi"]
[Result "1/2-1/2"]
[WhiteElo "2839"]
[BlackElo "2780"]

1.e4 e5 2.Nf3 Nc6 3.Bb5 a6 4.Ba4 d6 5.O-O Bd7 6.c3 g6 7.d4 Bg7 8.Bg5 Nge7
9.Re1 h6 10.Bh4 Qc8 11.dxe5 dxe5 12.Nbd2 O-O 13.Qe2 Bg4 14.h3 Be6 15.Bb3 g5
16.Bg3 Ng6 17.Bxe6 Qxe6 18.Qc4 Rfe8 19.Red1 Bf8 20.Ne1 b5 21.Qxe6 Rxe6 22.Nb3 Rb8
23.f3 Nf4 24.Kf1 a5 25.Bf2 a4 26.Nc1 Na5 27.Ncd3 Ng6 28.Rab1 Rc6 29.Nc2 Nc4
30.Ncb4 Bxb4 31.cxb4 Rd8 32.Nc5 Rcd6 33.Ke1 Nf4 34.Rxd6 cxd6 35.b3 dxc5 36.bxc4 Nd3+
37.Ke2 bxc4 38.Bxc5 c3 39.Be3 c2 40.Ra1 Nxb4 41.Rc1 Rc8 42.Kd2 Nxa2 43.Rxc2 Rxc2+
44.Kxc2 Nb4+ 45.Kc3 a3 46.Bd2 Nc6 47.Kb3 f6 48.Kxa3 Kf7 49.Kb3 h5 50.Kc4 h4
51.Be3 Ke6 52.Kc5 Ne7 53.Kc4 Ng6 54.Kd3 Kd6 55.Kc4 Kc6 56.Kb4 Nf8 57.Kc4 Ne6
58.Kb4 Kd6 59.Kc4 Kc6 60.Kb4 Kd7 61.Kc4 Kd6 62.Kb4 Ng7 63.Kc4 Nh5 64.Bc5+ Kd7
65.Be3 Ke6 66.Kd3 Kd6 67.Kc4 Kc6 68.Kb4 Ng7 69.Kc4 Ne8 70.Kb4 Nc7 71.Kc4 Na6
72.Bc1 Kd7 73.Ba3 Nc7 74.Bc5 Ke6 75.Bb6 Ne8 76.Bc5 f5 77.exf5+ Kxf5 78.Kd3 Nf6
79.Be3 Nd5 80.Ke2 Nc7 81.Kf2 Nd5 82.Bd2 Nf6 83.g4+ Kg6 84.Ke3 Kf7 85.Kd3 Kg6
86.Bc3 Nd7 87.Ke4 Kf6 88.Kd5 Nb6+ 89.Kc6 Nc4 90.Kc5 Ne3 91.Bd2 Nf1 92.Bc1 Nh2
93.Kd5 Nxf3 94.Be3 Ne1 95.Bb6 Nd3 96.Bd8+ Kg6 97.Ke4 Nf2+ 98.Kxe5 Nxh3 99.Ke4 Nf4
100.Kf3 Nd3 101.Bc7 Kf6 102.Bd8+ Kg6 103.Bc7 Nc5 104.Bd6 Nd7 105.Ke4 Kf6
106.Bc7 Nc5+ 107.Kf3 Ne6 108.Ba5 Kg6 109.Bb4 Nf4 110.Be7 Nd3 111.Bd6 Kf6
112.Ke4 Ke6 113.Bc7 Nc5+ 114.Kf3 Kd5 115.Bd8 Ne6 116.Bf6 Kc4 117.Ke4 h3 118.Kf3 Kd3
119.Kg3 Ke4 120.Kxh3 Kf3 121.Bxg5 Nxg5+ 122.Kh4 Ne4 123.Kh5 Kf4 124.g5 Kf5
125.g6 Kf6 126.Kh6 Nd6 127.g7 Nf5+ 128.Kh7 Ne7 129.g8=Q Nxg8  1/2-1/2

[Event "chess.com SpeedChess 2023"]
[Site "chess.com INT"]
[Date "2023.09.22"]
[Round "4.19"]
[White "Nakamura,Hi"]
[Black "Carlsen,M"]
[Result "1-0"]
[WhiteElo "2780"]
[BlackElo "2839"]

1.e4 c6 2.Nf3 d5 3.Nc3 dxe4 4.Nxe4 Nf6 5.Qe2 Nxe4 6.Qxe4 Qa5 7.Bc4 Bf5 8.Qf4 e6
9.Bb3 Nd7 10.O-O Be7 11.d4 O-O 12.c3 h6 13.Re1 Rfe8 14.Qg3 Kh8 15.Nh4 Bh7
16.Nf3 Rad8 17.Bf4 Qf5 18.Ne5 Nxe5 19.Bxe5 Bf6 20.Bf4 Qg6 21.Qf3 Qf5 22.Re3 a5
23.Rae1 Qb5 24.Be5 Bxe5 25.Rxe5 Qb6 26.Qxf7 a4 27.Bxa4 Qxb2 28.R5e2 Qxc3
29.Qxb7 Bd3 30.Re3 Rf8 31.Bd1 Qxd4 32.Qxc6 Qb2 33.Bf3 Qxa2 34.Rxe6 Qxe6 35.Qxe6  1-0

[Event "chess.com SpeedChess 2023"]
[Site "chess.com INT"]
[Date "2023.09.22"]
[Round "4.18"]
[White "Carlsen,M"]
[Black "Nakamura,Hi"]
[Result "1-0"]
[WhiteElo "2839"]
[BlackElo "2780"]

1.e4 e5 2.Nf3 Nc6 3.Bb5 a6 4.Ba4 d6 5.O-O Bd7 6.c3 g6 7.d4 Bg7 8.Bg5 Nge7
9.Re1 O-O 10.dxe5 Nxe5 11.Nxe5 Bxe5 12.Nd2 Bg7 13.Nf3 Bxa4 14.Qxa4 h6 15.Bh4 c6
16.Rad1 Qc7 17.Bg3 Rad8 18.h4 Rfe8 19.Qb3 Nc8 20.h5 Qb6 21.Qc2 g5 22.Nd4 Ne7
23.Qb3 Qxb3 24.Nxb3 Nc8 25.Na5 Rd7 26.f3 Red8 27.Nc4 b5 28.Ne3 Ne7 29.Rd3 d5
30.Red1 d4 31.b4 a5 32.a3 f5 33.Nxf5 Nxf5 34.exf5 axb4 35.cxb4 Ra8 36.Bf2 Kf7
37.Kf1 Be5 38.g4 Rad8 39.Rc1 Rd6 40.Re1 Bf6 41.Re4 Rd5 42.Ke2 c5 43.bxc5 Rxc5
44.Be1 Rc2+ 45.Bd2 Ra2 46.Re6 Ra8 47.Rb3 Ra5 48.Rb6 R5xa3 49.Rxa3 Rxa3 50.Rb7+ Ke8
51.Rxb5 Ra2 52.Kd3 Kf7 53.Rb7+ Kg8 54.Bb4 Rf2 55.Ke4 Re2+ 56.Kd5 d3 57.Rd7 d2
58.Kc6 Re3 59.Rxd2 Rxf3 60.Rd6 Kf7 61.Rd7+ Kg8 62.Kd5 Re3 63.Bd6 Re1 64.Rb7 Re2
65.Rb8+ Kf7 66.Rb7+ Kg8 67.Ra7 Re1 68.Bb4 Re5+ 69.Kd6 Re4 70.Bc5 Re1 71.Kd5 Re5+
72.Kc6 Re4 73.Kd5 Re5+ 74.Kd6 Re4 75.Rd7 Re1 76.Kc6 Re4 77.Kd5 Re5+ 78.Kd6 Re4
79.Rb7 Re1 80.Rb4 Be7+ 81.Kd5 Bf6 82.Bd4 Rd1 83.Ke4 Re1+ 84.Kf3 Bxd4 85.Rxd4 Kg7
86.Rd7+ Kg8 87.Rd6 Kg7 88.Rg6+ Kh7 89.Re6 Rf1+ 90.Ke4 Rf4+ 91.Ke5 Rxg4 92.Kf6 Ra4
93.Re7+ Kh8 94.Kg6 Ra8 95.f6 Rg8+ 96.Kxh6 Rf8 97.Rh7+ Kg8 98.Rg7+ Kh8 99.Kg6 g4
100.Rh7+ Kg8 101.f7+  1-0

[Event "chess.com SpeedChess 2023"]
[Site "chess.com INT"]
[Date "2023.09.22"]
[Round "4.17"]
[White "Nakamura,Hi"]
[Black "Carlsen,M"]
[Result "1/2-1/2"]
[WhiteElo "2780"]
[BlackElo "2839"]

1.e4 c5 2.Nf3 Nc6 3.Bc4 e6 4.O-O a6 5.d4 cxd4 6.Nxd4 Nge7 7.Nxc6 Nxc6 8.Nd2 Bc5
9.Nf3 O-O 10.a4 Qc7 11.Qe2 b6 12.c3 Bb7 13.Re1 Ne5 14.Nxe5 Qxe5 15.Bd3 d5
16.exd5 Qxd5 17.Be4 Qxe4 18.Qxe4 Bxe4 19.Rxe4 Rfd8 20.Kf1 Rac8 21.Bf4 Rd5
22.Ke2 Kf8 23.Rc4 b5 24.axb5 axb5 25.Re4 Be7 26.Be3 Ke8 27.Rd4 Rxd4 28.Bxd4 f6
29.Ra7 e5 30.Be3 b4 31.cxb4 Rc2+ 32.Kd3 Rxb2 33.Bc5 Bxc5 34.bxc5 Rxf2 35.c6 Kd8
36.Rxg7 h5 37.h4 Rf4 38.g4 hxg4 39.h5 g3 40.Rxg3 Rh4 41.Rg7 Rxh5 42.Ke4 Rh4+
43.Kd5 Rd4+ 44.Ke6 Kc8 45.Kxf6 Rd6+ 46.Kxe5 Rxc6  1/2-1/2

[Event "chess.com SpeedChess 2023"]
[Site "chess.com INT"]
[Date "2023.09.22"]
[Round "4.16"]
[White "Carlsen,M"]
[Black "Nakamura,Hi"]
[Result "1-0"]
[WhiteElo "2839"]
[BlackElo "2780"]

1.e4 e5 2.Nf3 Nc6 3.Bb5 Nf6 4.O-O Nxe4 5.d4 Nd6 6.Bxc6 dxc6 7.dxe5 Nf5 8.Qxd8+ Kxd8
9.Nc3 Bd7 10.h3 Kc8 11.b3 h6 12.Bb2 Ne7 13.Ne2 Ng6 14.Rfe1 c5 15.h4 Bg4 16.Nh2 Bxe2
17.Rxe2 Nf4 18.Re4 Ne6 19.h5 Be7 20.f4 g6 21.hxg6 fxg6 22.g4 Rf8 23.Rf1 Ng7
24.e6 Ne8 25.f5 gxf5 26.gxf5 h5 27.Ref4 Nf6 28.Rh4 Rg8+ 29.Kh1 Rg5 30.Rhf4 b6
31.Nf3 Rg8 32.Ne5 Bd6 33.Ng6 Bxf4 34.Ne7+ Kb7 35.Nxg8 Rxg8 36.Rxf4 Nd5 37.Rf3 Re8
38.c4 Ne7 39.f6 Ng6 40.Rg3 Nf8 41.e7 Nd7 42.Re3 Nxf6 43.Bxf6 Kc6 44.Rd3 h4
45.Rd8 Rxe7 46.Bxe7 h3 47.Kh2 a6 48.Kxh3 b5 49.Kg4 b4 50.Rd5 a5 51.Rxc5+ Kd7
52.Bf6 c6 53.Rxa5 Kd6 54.Bd4 c5 55.Bxc5+ Ke5 56.Bxb4+ Ke4 57.Rd5 Ke3 58.Kg3 Ke4
59.a4 Ke3 60.a5 Ke4 61.a6 Ke3 62.a7 Ke2 63.a8=Q Kf1 64.Qa1+ Ke2 65.Qe1+  1-0

[Event "chess.com SpeedChess 2023"]
[Site "chess.com INT"]
[Date "2023.09.22"]
[Round "4.15"]
[White "Nakamura,Hi"]
[Black "Carlsen,M"]
[Result "0-1"]
[WhiteElo "2780"]
[BlackElo "2839"]

1.e4 c5 2.Nf3 Nc6 3.Bb5 g6 4.O-O Bg7 5.c3 Nf6 6.Re1 O-O 7.d4 d5 8.exd5 Qxd5
9.c4 Qd6 10.dxc5 Qxc5 11.Be3 Qh5 12.h3 Rd8 13.Nbd2 Nb4 14.Bd4 Bxh3 15.gxh3 Qxh3
16.Be5 Nd3 17.Bg3 Nh5 18.Ng5 Qf5 19.Nge4 Nxg3 20.fxg3 a6 21.Ba4 Nxb2 22.Qb3 Nxa4
23.Qxa4 Bxa1 24.Rxa1 Qe5 25.Rd1 f5 26.Nf2 Qxg3+ 27.Kf1 Qc3 28.Qb3 Qxb3 29.axb3 Rd4
30.Ke2 Rad8 31.Nf3 Rxd1 32.Nxd1 e5 33.Nc3 e4 34.Ne5 Kg7 35.Nd5 g5 36.Ke3 h5  0-1

[Event "chess.com SpeedChess 2023"]
[Site "chess.com INT"]
[Date "2023.09.22"]
[Round "4.14"]
[White "Carlsen,M"]
[Black "Nakamura,Hi"]
[Result "0-1"]
[WhiteElo "2839"]
[BlackElo "2780"]

1.e4 e5 2.Nf3 Nc6 3.Bb5 Nf6 4.O-O Nxe4 5.d4 Nd6 6.Bxc6 dxc6 7.dxe5 Nf5 8.Qxd8+ Kxd8
9.Nc3 Bd7 10.h3 Kc8 11.b3 h6 12.Bb2 b6 13.Ne2 a5 14.Nf4 a4 15.e6 Bxe6 16.Nxe6 fxe6
17.Rfe1 Rg8 18.Rxe6 g5 19.g4 Nd6 20.Kg2 Kb7 21.Be5 axb3 22.axb3 Re8 23.Rxe8 Nxe8
24.Re1 c5 25.h4 gxh4 26.Kh3 Nd6 27.Nxh4 h5 28.gxh5 Rg5 29.Ng6 Bh6 30.Bf4 Rxh5+
31.Kg4 Rf5 32.Bxd6 Rg5+ 33.Kh4 cxd6 34.Re6 Rg2 35.Rxd6 Rxf2 36.c4 Rb2 37.Ne7 Bf4
38.Rd7+ Ka8 39.Nc6 Bb8 40.Rd8 Kb7 41.Nxb8 Rxb3 42.Kg5 Rc3 43.Rh8 Kc7 44.Kf5 Rxc4
45.Ke6 Rd4 46.Ke5 Rd1 47.Na6+ Kb7 48.Nb8 c4 49.Ke6 c3 50.Nd7 c2 51.Rb8+ Kc7  0-1

[Event "chess.com SpeedChess 2023"]
[Site "chess.com INT"]
[Date "2023.09.22"]
[Round "4.13"]
[White "Nakamura,Hi"]
[Black "Carlsen,M"]
[Result "1-0"]
[WhiteElo "2780"]
[BlackElo "2839"]

1.e4 e5 2.Nf3 Nc6 3.Bb5 a6 4.Ba4 Nf6 5.O-O Be7 6.d3 b5 7.Bb3 O-O 8.h3 d6
9.Bd2 h6 10.c4 Rb8 11.Nc3 Na5 12.Nd5 Nxb3 13.axb3 Nxd5 14.cxd5 Bb7 15.Ba5 Qd7
16.d4 c6 17.dxe5 cxd5 18.exd5 dxe5 19.Nxe5 Qd6 20.Bc3 b4 21.Nc4 Qxd5 22.Qxd5 Bxd5
23.Be5 Rbc8 24.Nb6 Rcd8 25.Bc7 Bxb3 26.Bxd8 Rxd8 27.Rxa6 Bf6 28.Na4 Bc4 29.Rxf6 Bxf1
30.Rb6 Rd1 31.Kh2 Rd4 32.Nc5 Rd5 33.Nb3 Bc4 34.Rxb4 Bxb3 35.Rxb3 Rd2 36.Rb8+ Kh7
37.Kg3 g5 38.Kf3 Kg6 39.Rb6+ f6 40.Ke3 Rc2 41.b4 Rb2 42.Rb8 h5 43.b5 h4 44.b6 Kg7
45.Kf3 Kg6 46.b7 Kg7 47.Kg4 Rb4+ 48.Kh5 Rb2 49.f4 gxf4 50.Kxh4 Rb4 51.Kg4 f3+
52.Kxf3 Rb1 53.Ke4 Rb2 54.Kf5 Rb5+ 55.Ke6 Rb6+ 56.Ke7 Rb1 57.h4 Re1+ 58.Kd6 Rd1+
59.Ke6 Re1+ 60.Kf5 Rf1+ 61.Kg4 Rb1 62.h5 Rb4+ 63.Kf5 Rb5+ 64.Kf4 Rb4+ 65.Kf3 Rb3+
66.Ke4 Rb4+ 67.Kd5 Rb1 68.h6+ Kh7 69.Ke6 Rb6+ 70.Kf5  1-0

[Event "chess.com SpeedChess 2023"]
[Site "chess.com INT"]
[Date "2023.09.22"]
[Round "4.12"]
[White "Carlsen,M"]
[Black "Nakamura,Hi"]
[Result "1/2-1/2"]
[WhiteElo "2839"]
[BlackElo "2780"]

1.e4 e5 2.Nf3 Nc6 3.Bb5 Nf6 4.d3 Bc5 5.Ba4 O-O 6.O-O Re8 7.c3 Bf8 8.Re1 a6
9.Bg5 h6 10.Bh4 d6 11.Nbd2 Bd7 12.d4 b5 13.Bc2 g6 14.d5 Na5 15.b4 Nb7 16.a4 Be7
17.Bxf6 Bxf6 18.axb5 axb5 19.Qe2 c6 20.dxc6 Bxc6 21.Bb3 Kg7 22.Qd3 Rc8 23.Bd5 Bxd5
24.Qxd5 Qb6 25.Ra3 Nd8 26.Nf1 Ne6 27.Ne3 Nc7 28.Qd3 Red8 29.g3 Qb7 30.Rd1 Bg5
31.Nd5 Nxd5 32.Qxd5 Qxd5 33.Rxd5 Rc4 34.Rxb5 Rdc8 35.Kg2 Rxc3 36.Rxc3 Rxc3
37.h4 Bc1 38.Rd5 Rc4 39.b5 Ba3 40.Rd3 Bc5 41.Nd2 Rc2 42.Kf1 f5 43.f3 Kf6
44.Nb3 Rb2 45.Nxc5 dxc5 46.Rd6+ Kf7 47.b6 fxe4 48.fxe4 h5 49.Rc6 c4 50.Ke1 c3
51.Kd1 Kg7 52.Kc1 Kf7 53.Rc7+ Kf6 54.b7 Ke6 55.Rc6+ Kf7 56.Rc7+ Kf6 57.Rc6+ Kf7
58.Rc7+ Kf6 59.Rc6+ Kf7  1/2-1/2

[Event "chess.com SpeedChess 2023"]
[Site "chess.com INT"]
[Date "2023.09.22"]
[Round "4.11"]
[White "Nakamura,Hi"]
[Black "Carlsen,M"]
[Result "1-0"]
[WhiteElo "2780"]
[BlackElo "2839"]

1.e4 c5 2.Nf3 Nc6 3.Bc4 e6 4.O-O a6 5.d4 cxd4 6.Nxd4 Qc7 7.Nxc6 bxc6 8.Qe2 Ne7
9.Nc3 d5 10.Bb3 d4 11.Nb1 c5 12.Nd2 Nc6 13.Nc4 Be7 14.Qg4 O-O 15.Bh6 Bf6
16.f4 Kh8 17.e5 gxh6 18.exf6 Rg8 19.Qh5 Bb7 20.Rf2 Nb4 21.Ne5 Raf8 22.Qxh6 Nc6
23.Nf3 Nd8 24.c3 Bxf3 25.Bc2 Rg6 26.Qxf8+  1-0

[Event "chess.com SpeedChess 2023"]
[Site "chess.com INT"]
[Date "2023.09.22"]
[Round "4.10"]
[White "Carlsen,M"]
[Black "Nakamura,Hi"]
[Result "0-1"]
[WhiteElo "2839"]
[BlackElo "2780"]

1.d4 Nf6 2.c4 e6 3.Nf3 b6 4.g3 Bb7 5.Bg2 Bb4+ 6.Bd2 Bxd2+ 7.Qxd2 O-O 8.Nc3 Ne4
9.Qd3 Nxc3 10.Ng5 Ne4 11.Nxe4 Nc6 12.O-O f5 13.Nc3 f4 14.Qd2 Qf6 15.Rad1 Na5
16.Bxb7 Nxb7 17.e3 f3 18.e4 Qg6 19.h4 Nd6 20.Qd3 Rf4 21.Rfe1 Raf8 22.Re3 Nxc4
23.Qxc4 Rxh4 24.Rdd3 Qxg3+  0-1

[Event "chess.com SpeedChess 2023"]
[Site "chess.com INT"]
[Date "2023.09.22"]
[Round "4.9"]
[White "Nakamura,Hi"]
[Black "Carlsen,M"]
[Result "1-0"]
[WhiteElo "2780"]
[BlackElo "2839"]

1.e4 c5 2.Nf3 e6 3.c3 Nf6 4.Bd3 d5 5.e5 Nfd7 6.Bc2 c4 7.O-O Nc6 8.Re1 Qc7
9.Qe2 g5 10.d4 cxd3 11.Bxd3 g4 12.Nd4 Qxe5 13.Qd1 Qf6 14.Be3 h5 15.Bb5 e5
16.c4 a6 17.Nc3 axb5 18.Nxd5 Qg6 19.Nxb5 Rb8 20.Ndc7+ Kd8 21.Bb6 Bb4 22.Re3 Ke7
23.Nd5+ Kf8 24.Bc7 Bc5 25.Re2 Ra8 26.Qd2 Kg7 27.b4 Bd4 28.Nxd4 exd4 29.b5 d3
30.Re3 Nd8 31.Ne7 Qg5 32.f4 gxf3 33.Bg3 Ne6 34.Nd5 h4 35.Qc3+ Nf6 36.Rxf3 hxg3
37.Rxg3 Rh6 38.Rf1 Qxg3 39.hxg3 d2 40.Nxf6 d1=Q 41.Rxd1 Rxf6 42.Rf1  1-0

[Event "chess.com SpeedChess 2023"]
[Site "chess.com INT"]
[Date "2023.09.22"]
[Round "4.25"]
[White "Nakamura,Hi"]
[Black "Carlsen,M"]
[Result "1-0"]
[WhiteElo "2780"]
[BlackElo "2839"]

1.e4 c5 2.Nf3 Nc6 3.Bc4 e6 4.O-O a6 5.d4 cxd4 6.Nxd4 Nge7 7.Be3 Nxd4 8.Bxd4 Nc6
9.Be3 b5 10.Bb3 Bb7 11.c3 Qc7 12.Nd2 Be7 13.Qh5 Qe5 14.Qe2 O-O 15.Rad1 Rac8
16.Rfe1 Qc7 17.Nf3 Na5 18.Bc2 Nc4 19.Bc1 d6 20.h4 h6 21.Rd3 Rfd8 22.h5 Bf6
23.Nd4 d5 24.Rg3 dxe4 25.Bxh6 Kf8 26.Bc1 Nxb2 27.Bxe4 Bxe4 28.Qxe4 Nc4 29.h6 Qe5
30.h7 Ke7 31.Qb7+ Rd7 32.Nf5+ Qxf5 33.Qxc8 Ne5 34.h8=Q Kd6 35.Ba3+ b4 36.Bxb4+  1-0

[Event "chess.com SpeedChess 2023"]
[Site "chess.com INT"]
[Date "2023.09.22"]
[Round "4.7"]
[White "Nakamura,Hi"]
[Black "Carlsen,M"]
[Result "1-0"]
[WhiteElo "2780"]
[BlackElo "2839"]

1.e4 e5 2.Nf3 Nc6 3.Bb5 a6 4.Ba4 Nf6 5.d3 b5 6.Bb3 Be7 7.O-O O-O 8.h3 d6
9.Bd2 h6 10.a3 Re8 11.Nc3 Bf8 12.Nd5 Rb8 13.Rc1 Nxd5 14.Bxd5 Ne7 15.Ba2 Ng6
16.b4 Be6 17.Bxe6 Rxe6 18.c4 c5 19.cxb5 axb5 20.Qb3 Qd7 21.Be3 Ra8 22.g3 cxb4
23.axb4 d5 24.Qxd5 Qxd5 25.exd5 Rd6 26.Rc5 Rb8 27.h4 h5 28.Rfc1 Rdd8 29.Rc7 Bxb4
30.Ba7 Ra8 31.Rb7 Rxd5 32.Rcc7 Nh8 33.d4 exd4 34.Bxd4 Bf8 35.Kg2 b4 36.Be3 Rad8
37.Ng5 Bd6 38.Rd7 Bf8 39.Rdc7 Bd6 40.Rc6 Bf8 41.Rcb6 Re8 42.Rb8 Rdd8 43.R8b7 Rd5
44.Nh3 Ng6 45.Ng5 Rf5 46.Rb8 Rxb8 47.Rxb8 f6 48.Ne6 Kf7 49.Nxf8 Nxf8 50.Rxb4 Ne6
51.Ra4 Kg6 52.Ra6 Re5 53.Ra7 Kf5 54.Ra8 Rb5 55.Rh8 Kg6 56.Re8 Kf7 57.Ra8 Kg6
58.Ra6 Kf5 59.f3 Rb2+ 60.Bf2 Nd4 61.Ra5+ Kg6 62.g4 hxg4 63.h5+ Kh7 64.fxg4 Ne6
65.Kg3 Rb3+ 66.Kh2 Nf4 67.Bg3 Rb2+ 68.Kh1 Nh3 69.Rf5 Ng5 70.Bh4 Ne4 71.Rf4 Re2
72.Kg1 Nc5 73.Rc4 Re3 74.Bf2 Re4 75.Rxc5 Rxg4+ 76.Kh2 Rg5 77.Rc7 Rxh5+ 78.Kg3 Kg6
79.Kf3 Rf5+ 80.Kg2 Re5 81.Bg3 Re8 82.Kf3 Ra8 83.Bd6 Rd8 84.Be7 Re8 85.Kf4 Rb8
86.Bc5 Ra8 87.Rb7 Ra4+ 88.Kf3 Ra8 89.Rb1 Kf5 90.Rb5 Ra6 91.Bf8+ Kg6 92.Rb7 Kf5
93.Bxg7 Ra3+ 94.Kf2 Ra6 95.Bh6 Kg6 96.Be3 Kf5 97.Kf3 Kg6 98.Rb5 Re6 99.Rb1 Ra6
100.Rh1 Kf5 101.Rh5+ Kg6 102.Rc5 Ra4 103.Bf4 Ra6 104.Bd2 Ra3+ 105.Bc3 Ra6
106.Kf4 Ra4+ 107.Kg3 Ra6 108.Rc8 Kf5 109.Kh4 Ra4+ 110.Kh5 Ra6 111.Kh6 Kg4
112.Rc4+ Kf5 113.Bd2 Ra2 114.Rf4+ Ke5 115.Rf2 Ke4 116.Rh2 f5 117.Rh4+ Kf3
118.Bg5 Ra6+ 119.Kh5 Ra8 120.Rf4+ Ke2 121.Rxf5 Ra4 122.Rb5 Kd3 123.Re5 Re4
124.Ra5 Kc4 125.Kg6 Re6+ 126.Kf5 Re1 127.Bf4 Kd3 128.Ra3+ Kc4 129.Be5 Kd5
130.Rd3+ Kc4 131.Rd2 Kc5 132.Ke6 Rb1 133.Rc2+ Kb4 134.Kd5 Kb3 135.Rc8 Rd1+
136.Bd4 Rb1 137.Ke4 Re1+ 138.Be3 Rb1 139.Kd3 Rd1+ 140.Bd2 Rb1 141.Ra8 Rb2
142.Bc1 Rb1 143.Rc8 Ka2 144.Rc5 Kb3 145.Be3 Rd1+ 146.Ke4 Rb1 147.Bd4 Re1+
148.Kd5 Rb1 149.Rc3+ Ka2 150.Rh3 Rb3 151.Rh2+ Ka3 152.Kc6 Kb4 153.Rc2 Rd3
154.Kd5 Kb3 155.Rb2+ Ka3 156.Rb8 Rb3 157.Rc8 Rb5+ 158.Kc4 Rb4+ 159.Kc3 Rb3+
160.Kc2 Rb5 161.Bc3  1-0